Runescape 3 Cities - Statistics

General Stats
  • This quiz has been taken 28 times
  • The average score is 10 of 20
Answer Stats
Answer Members Only Region % Correct
Varrock No Misthalin
100%
Al Kharid No Kharidian Desert
96%
Falador No Asgarnia
92%
Lumbridge No Misthalin
92%
Ardougne Yes Kandarin
75%
Menaphos Yes Kharidian Desert
63%
Rellekka Yes Framminik Province
63%
Yanille Yes Kandarin
54%
Prifddinas Yes Tirannwn
50%
Sophanem Yes Kharidian Desert
46%
Darkmeyer Yes Morytania
38%
Otot Yes Mazcab
33%
Um No Underworld
33%
Tree Gnome Stronghold Yes Kandarin
29%
Burthrope No Asgarnia
25%
TzHaar City Yes Karamja
21%
Daemonheim No Fremminik Province
13%
Dorgesh-Kaan Yes Misthalin
13%
Keldagrim Yes Troll Country
13%
Meiyerditch Yes Morytania
13%
No matching quizzes found
Score Distribution
Percent of People with Each Score
Percentile by Number Answered
Your Score History
You have not taken this quiz